000 00432nam a2200157 4500
001 117680
003 ES-MaACL
007 t|
008 070214s1955 sp r ||||1| spa d
100 1 _aPere Raluy, José.
_9186867
245 1 0 _aDerecho de nacionalidad /
_cJosé Peré Raluy.
260 _aBarcelona :
_bJosé María Bosch,
_c1955.
300 _a311 p. ;
_c21 cm.
852 _aES-MaACL
_jC-9631
_bR.37806
999 _c117680
_d117680